000 00609nam a2200229 a 4500
005 20140310183347.0
008 070410s19uu xx 00 eng d
020 _a13:978-074-560-367-4
050 _aRT 86.5
_b.So665 2005
100 _aDenny, Elaine, edited by
245 _aSociology for Nurses.
260 _aU.S.A :
_bPolity Press,
_c2005.
300 _a310 p. :
_c21 cm.
521 _aNUR
650 _aNursing
_xSocial aspects.
650 _aSocial medicine.
650 _aNursing Care
_xPsychology.
700 _aSarah, Earle
942 _cBK
_2lcc
_kFOR
999 _c21982
_d21982